000 00515nam a2200169Ia 4500
008 090711s9999 xx 000 0 und d
082 _b68996
100 _aबनहट्टी राजेंद्र
245 _aयुध्दपर्व
260 _c1992
300 _a211
600 _aबनहट्टी राजेंद्र
630 _aयुध्दपर्व
700 _aबनहट्टी राजेंद्र
730 _aयुध्दपर्व
942 _cBOOK
999 _c311053
_d311053